Aportaciones a la historia social del lenguaje : España, siglos XIV-XVIII /
Saved in:
| Andre forfattere: | , |
|---|---|
| Format: | Electronisk eBog |
| Sprog: | spansk |
| Udgivet: |
Madrid : Frankfurt am Main :
Iberoamericana ; Vervuert,
2006.
|
| Fag: | |
| Online adgang: | Digitalia Hispánica |
| Tags: |
Tilføj Tag
Ingen Tags, Vær først til at tagge denne postø!
|
MARC
| LEADER | 00000nam a2200000Ii 4500 | ||
|---|---|---|---|
| 001 | DIGIBE1091 | ||
| 003 | NyNyDIG | ||
| 007 | cr ||||||||||| | ||
| 008 | 220708s2006 sp ob 001 0 spa d | ||
| 006 | m o d | ||
| 035 | |a (OCoLC)1289371082 | ||
| 040 | |a DGITA |b eng |e rda |e pn |c DGITA | ||
| 020 | |a 9783964565532 |q eBook |q pdf | ||
| 020 | |z 9788484892700 |q Iberoamericana | ||
| 020 | |z 9783865271716 |q Vervuert | ||
| 043 | |a e-sp--- | ||
| 050 | 1 | 4 | |a PC4081 ebook |
| 245 | 0 | 0 | |a Aportaciones a la historia social del lenguaje : |b España, siglos XIV-XVIII / |c Rocío García Bourrellier y Jesús Ma. Usunáriz (eds.). |
| 264 | 1 | |a Madrid : |b Iberoamericana ; |a Frankfurt am Main : |b Vervuert, |c 2006. | |
| 300 | |a 1 online resource. | ||
| 336 | |a text |b txt |2 rdacontent | ||
| 337 | |a computer |b c |2 rdamedia | ||
| 338 | |a online resource |b cr |2 rdacarrier | ||
| 347 | |a text file |2 rdaft | ||
| 347 | |b PDF | ||
| 504 | |a Includes bibliographical references and index. | ||
| 588 | 0 | |a Online resource; title from PDF title page (Digitalia, viewed July 08, 2022) | |
| 651 | 0 | |a Spain |x History |y House of Austria, 1516-1700. | |
| 650 | 0 | |a Spanish language |y Classical period, 1500-1700. | |
| 650 | 0 | |a Sociolinguistics | |
| 655 | 0 | |a Electronic books. | |
| 700 | 1 | |a García Bourrellier, Rocío, |e editor. | |
| 700 | 1 | |a Usunáriz Garayoa, Jesús Ma. |q (Jesús María), |d 1964- |e editor. | |
| 791 | 2 | |a Digitalia (Firm), |e distributor. | |
| 793 | 0 | |g Digitalia eBook Collection: |a Iberoamericana. | |
| 776 | 0 | 8 | |i Print version: |t Aportaciones a la historia social del lenguaje. |d Madrid : Iberoamericana ; Frankfurt am Main : Vervuert, 2006 |z 9788484892700 |
| 856 | 4 | 0 | |3 Digitalia Hispánica |u https://digitalia.unach.elogim.com/a/112582/ |
| 910 | |a Premium collection: 2022 | ||